Kanthapura/ (Record no. 10202)

MARC details
000 -LEADER
fixed length control field 00567cam a2200217ua 4500
005 - DATE AND TIME OF LATEST TRANSACTION
control field 20260515114738.0
008 - FIXED-LENGTH DATA ELEMENTS--GENERAL INFORMATION
fixed length control field 190916n ii |||gr||||Z||||||eng
020 ## - INTERNATIONAL STANDARD BOOK NUMBER
International Standard Book Number 9780195602548
040 ## - CATALOGING SOURCE
Transcribing agency MAIN
Original cataloging agency IN-DiNC
041 ## - LANGUAGE CODE
Language code of sung or spoken text eng
082 ## - DEWEY DECIMAL CLASSIFICATION NUMBER
Classification number 823.914
Item number RAO
100 ## - MAIN ENTRY--PERSONAL NAME
Personal name Rao, Raja
Relator term author
245 ## - TITLE STATEMENT
Title Kanthapura/
Statement of responsibility, etc. By Raja Rao
250 ## - EDITION STATEMENT
Edition statement 2nd ed.
260 ## - PUBLICATION, DISTRIBUTION, ETC.
Place of publication, distribution, etc. New Delhi:
Name of publisher, distributor, etc. Oxford University Press,
Date of publication, distribution, etc. 2018
300 ## - PHYSICAL DESCRIPTION
Extent xx, 267p.
650 ## - SUBJECT ADDED ENTRY--TOPICAL TERM
Topical term or geographic name entry element Indian novel in English
653 ## - INDEX TERM--UNCONTROLLED
Uncontrolled term English fiction
653 ## - INDEX TERM--UNCONTROLLED
Uncontrolled term Indian English literature
942 ## - ADDED ENTRY ELEMENTS (KOHA)
Koha item type Books
Source of classification or shelving scheme Dewey Decimal Classification
Holdings
Withdrawn status Lost status Damaged status Not for loan Home library Current library Shelving location Date acquired Total checkouts Full call number Barcode Date last seen Copy number Price effective from Koha item type Source of classification or shelving scheme Collection Cost, normal purchase price
        Naharkatiya College Library Naharkatiya College Library General stacks 09/19/2020   823.914English Literature | RAO 27619 09/19/2020 1 09/19/2020 Books      
        Naharkatiya College Library Naharkatiya College Library General stacks 09/19/2020   823.914English Literature | RAO 27620 09/19/2020 2 09/19/2020 Books      
        Naharkatiya College Library Naharkatiya College Library General stacks 09/09/2022   823.914 RAO 26898 09/09/2022 3 09/09/2022 Books Dewey Decimal Classification   175.00
        Naharkatiya College Library Naharkatiya College Library General stacks 09/09/2022   823.914 RAO 26899 09/09/2022 4 09/09/2022 Books Dewey Decimal Classification   175.00